Arquitectura y sociedad en el siglo de oro: idea, traza y edificio
Guardat en:
| Autor principal: | |
|---|---|
| Format: | Llibre |
| Idioma: | espanyol |
| Publicat: |
Madrid, España
El Arquero
1990
|
| Col·lecció: | Textos Universitarios
|
| Matèries: | |
| Etiquetes: |
Afegir etiqueta
Sense etiquetes, Sigues el primer a etiquetar aquest registre!
|
MARC
| LEADER | 00000nam a2200000 a 4500 | ||
|---|---|---|---|
| 001 | UCL0921 | ||
| 003 | CL-VaPUC | ||
| 005 | 20240701112146.0 | ||
| 008 | 030825e19900000SP |||||||||||||||||spa|d | ||
| 999 | |c 304646 |d 304644 | ||
| 020 | |a 848690207X | ||
| 040 | |c Pontificia Universidad Católica de Valparaíso | ||
| 082 | 0 | 4 | |a 720.94 CAM 1990 |2 21 |
| 100 | 0 | |a Cámara Muñoz, Alicia |e author |9 477683 | |
| 245 | 1 | 0 | |a Arquitectura y sociedad en el siglo de oro: |b idea, traza y edificio |
| 260 | |a Madrid, España |b El Arquero |c 1990 | ||
| 300 | |a 280 páginas | ||
| 490 | 0 | |a Textos Universitarios | |
| 583 | |a last modification |c 20030825 00:00:00 |k Rodrigo Vera | ||
| 650 | 0 | |a Arquitectura española |9 341294 | |
| 650 | 0 | |a Diseño arquitectónico |9 265271 | |
| 650 | 0 | |a Historia de España |9 315435 | |
| 650 | 0 | |a Antropología cultural y social |z ESPAÑA |9 265143 | |
| 852 | |a BIBCUR | ||
| 942 | |c BK |2 ddc | ||
| 945 | |d 20030825 00:00:00 |a cmena | ||
| 952 | |0 0 |1 0 |2 ddc |4 0 |6 720_940000000000000_CAM_1990 |7 0 |8 A |9 367273 |a BIBHIS |b BIBHIS |d 2019-11-21 |i 3906981 |o 720.94 CAM 1990 |p 3906981 |r 2025-01-20 |t 1 |w 2019-11-21 |y BK |k HIS | ||